000
00242nam a2200097Ia 4500
001
688679
005
20250826161619.0
008
250824s9999 xx 000 0 und d
245
0
_a
GÜVENLİ BAĞLANMA
_c
ADEM GÜNEŞ
260
_b
TİMAŞ YAYINLARI
999
_c
688679
_d
688679